00510nam a22001577a 4500003000400000005001700004008004100021020001800062040001400080100003400094245008100128260003100209300002000240600004500260650004700305OSt20170209155952.0170209s2016 spc 00 0 spa d a9788499927329 bcatcCDMR1 aCebrián, Juan Luísd1944-10aPrimera páginab: vida de un periodista, 1944-1988 cJuan Luís Cebrián aBarcelona :bDebate,c2016 a379 p. ;c24 cm10aCebrián, Juan Luísd1944-xBiografia04aPeriodisteszEspanyaxBiografiavBiografia